Catálogo
 En Linea

Les ecrivains francais d'aujourd'hui / (Registro nro. 17659)

Detalles MARC
000 -CABECERA
campo de control de longitud fija 00871cam a2200277 i 4500
001 - NÚMERO DE CONTROL
campo de control 000018138
005 - FECHA Y HORA DE LA ÚLTIMA TRANSACCIÓN
campo de control 20200929165354.0
008 - DATOS DE LONGITUD FIJA--INFORMACIÓN GENERAL
campo de control de longitud fija 750108t19691963fr b 001 0 fre
035 ## - NÚMERO DE CONTROL DEL SISTEMA
Número de control de sistema (DLC) 74195391
040 ## - FUENTE DE LA CATALOGACIÓN
Centro catalogador/agencia de origen DO-SdBNP
Centro/agencia transcriptor DLC
Centro/agencia modificador DLC
-- BNPHU
050 00 - SIGNATURA TOPOGRÁFICA DE LA BIBLIOTECA DEL CONGRESO
Número de clasificación PQ305
Número de documento/Ítem .B55 1973
082 ## - NÚMERO DE LA CLASIFICACIÓN DECIMAL DEWEY
Número de clasificación xxxxx
Número de documento/Ítem B682e
082 00 - NÚMERO DE LA CLASIFICACIÓN DECIMAL DEWEY
Número de clasificación 840/.9/0091
049 ## - FONDOS LOCALES (OCLC)
Fondos de biblioteca BNGR
100 1# - ENTRADA PRINCIPAL--NOMBRE DE PERSONA
Nombre de persona Boisdeffre, Pierre de
9 (RLIN) 39301
245 14 - MENCIÓN DE TÍTULO
Título Les ecrivains francais d'aujourd'hui /
Mención de responsabilidad, etc. Pierre de Boisdeffre.
250 ## - MENCIÓN DE EDICIÓN
Mención de edición 4a ed.
260 ## - PUBLICACIÓN, DISTRIBUCIÓN, ETC.
Lugar de publicación, distribución, etc. París :
Nombre del editor, distribuidor, etc. Presses universitaires de France,
Fecha de publicación, distribución, etc. 1969,.
300 ## - DESCRIPCIÓN FÍSICA
Extensión 127 p. ;
Dimensiones 18 cm.
490 0# - MENCIÓN DE SERIE
Mención de serie Que sais-je? ;
Designación de volumen o secuencia 1057
504 ## - NOTA DE BIBLIOGRAFÍA, ETC.
Nota de bibliografía, etc. Incluye bibliografía: [p. 125.]
500 ## - NOTA GENERAL
Nota general Incluye índeice
650 #0 - PUNTO DE ACCESO ADICIONAL DE MATERIA--TÉRMINO DE MATERIA
Término de materia o nombre geográfico como elemento de entrada French literature
Subdivisión cronológica 20th century
Subdivisión general History and criticism.
9 (RLIN) 39302
830 #0 - PUNTO DE ACCESO ADICIONAL DE SERIE-TÍTULO UNIFORME
Título uniforme Que sais-je? ;
Número de parte o sección de la obra 1057
9 (RLIN) 39303
910 ## - DATOS DE OPCIÓN DEL USUARIO (OCLC)
Datos de opción del usuario Catalogación derivada
Existencias
Estado de retiro Estado de pérdida Restricciones de uso No para préstamo Código de colección Localización permanente Ubicación/localización actual Ubicación en estantería Fecha de adquisición Número de inventario Total de préstamos Signatura topográfica completa Código de barras Fecha visto por última vez Precio válido a partir de Tipo de ítem Koha
      Excluido de préstamo Monografías: Libros y Folletos General General En catalogación 15.04.2010 LF1   xxxxx 840/.9/0091 B682e 18138-10 25.06.2020 25.06.2020 No se presta

Con tecnología Koha